000 00427nam a2200157 a 4500
001 000029181
005 20200930055400.0
008 110414s1993 dr 000 0 spa d
040 _aDO-SdBNP
_bspa
_cBNPHU
082 _axxxx
_bS231m, 1993
245 0 3 _aLa santa misa y santos religiosos.
250 _a2a ed.
260 _aSanto Domingo :
_bParroquia Santiago Apóstol,
_c1993.
300 _a159 p. ;
_c21 cm.
049 _aBNPD
999 _c28673
_d28673